000 00849nam a2200253 i 4500
001 bg
100 1 _aZOWCZAK, Włodzimierz
245 1 0 _aProjektowanie wytrzymałościowe metodą linii poślizgu /
_cWłodzimierz Zowczak.
260 _aKielce :
_bWydaw. PŚ,
_c2004.
300 _a148 s. :
_bil. ;
_c24 cm.
490 1 _aMonografie, Studia, Rozprawy / Politechnika Świętokrzyska,
_x0239-4979 ;
_v41
500 _aStreszcz. ang.
504 _aBibliogr.
650 9 _aKonstrukcje
_xmechanika
650 9 _aMaszyny
_xbudowa i konstrukcje
650 9 _aNaprężenia i odkształcenia
650 9 _aWytrzymałość materiałów
830 0 _aMonografie, Studia, Rozprawy (Politechnika Świętokrzyska) ;
_v41
040 _cBPK
041 0 _apol
_beng
080 _a621.01:539.4/.5
942 _cKS
008 s pl f |000 0 pol
999 _c44980
_d44980
856 _uhttp://koha.tu.koszalin.pl/cgi-bin/koha/opac-detail.pl?biblionumber=44980
_yKatalog online BPK